Vista normal
Vista MARC
Entrada Materia (personas)
Número de registros utilizados en: 4
001 - CONTROL NUMBER
- control field: 84089
003 - CONTROL NUMBER IDENTIFIER
- control field: Co-BoUCM
005 - DATE AND TIME OF LATEST TRANSACTION
- control field: 20170214075633.0
008 - FIXED-LENGTH DATA ELEMENTS
- fixed length control field: 170214|| aca||aabn | a|a d
040 ## - CATALOGING SOURCE
- Original cataloging agency: Co-BoUCM
- Transcribing agency: Co-BoUCM
100 ## - HEADING--PERSONAL NAME
- Personal name: Pamuk, Orhan
- Dates associated with a name: 1952-
670 ## - SOURCE DATA FOUND
- Source citation: Work cat.: (Co-BoUCM)51279: Pamuk, Orhan 1952-, La vida nueva, 2006